|
|
|
|
| LEADER |
00000cam a22000004a 4500 |
| 001 |
musev2_61201 |
| 003 |
MdBmJHUP |
| 005 |
20230905050306.0 |
| 006 |
m o d |
| 007 |
cr||||||||nn|n |
| 008 |
151103t19871984nju o 00 0 eng d |
| 020 |
|
|
|a 9781400879991
|
| 020 |
|
|
|z 9780691653877
|
| 020 |
|
|
|z 9780691628226
|
| 035 |
|
|
|a (OCoLC)1132222440
|
| 040 |
|
|
|a MdBmJHUP
|c MdBmJHUP
|
| 100 |
1 |
|
|a Churchill, Winston,
|d 1874-1965,
|e author.
|
| 245 |
1 |
0 |
|a Churchill and Roosevelt, Volume 2 :
|b The Complete Correspondence - Three Volumes /
|n II,
|p Alliance forged, November 1942 - February 1944 /
|c edited with commentary by Warren F. Kimball.
|p Alliance forged, November 1942 - February 1944 /
|n II,
|
| 264 |
|
1 |
|a Princeton, New Jersey :
|b Princeton University Press,
|c [1987]
|
| 264 |
|
3 |
|a Baltimore, Md. :
|b Project MUSE,
|c 2020
|
| 264 |
|
4 |
|c ©[1987]
|
| 300 |
|
|
|a 1 online resource (786 pages):
|b illustrations, maps
|
| 336 |
|
|
|a text
|b txt
|2 rdacontent
|
| 337 |
|
|
|a computer
|b c
|2 rdamedia
|
| 338 |
|
|
|a online resource
|b cr
|2 rdacarrier
|
| 490 |
0 |
|
|a Princeton Legacy Library ;
|v v. 2
|
| 505 |
0 |
|
|a Cover ; Correspondence: November 15, 1942 -- February 29, 1944.
|
| 588 |
|
|
|a Description based on print version record.
|
| 600 |
1 |
7 |
|a Roosevelt, Franklin D.
|q (Franklin Delano),
|d 1882-1945.
|2 fast
|0 (OCoLC)fst00032031
|
| 600 |
1 |
7 |
|a Churchill, Winston,
|d 1874-1965.
|2 fast
|0 (OCoLC)fst01716876
|
| 600 |
1 |
0 |
|a Roosevelt, Franklin D.
|q (Franklin Delano),
|d 1882-1945
|v Correspondence.
|
| 600 |
1 |
0 |
|a Churchill, Winston,
|d 1874-1965
|v Correspondence.
|
| 650 |
|
7 |
|a Prime ministers.
|2 fast
|0 (OCoLC)fst01076416
|
| 650 |
|
7 |
|a Presidents.
|2 fast
|0 (OCoLC)fst01075723
|
| 650 |
|
7 |
|a Diplomatic relations.
|2 fast
|0 (OCoLC)fst01907412
|
| 650 |
|
7 |
|a Diplomatic history.
|2 fast
|0 (OCoLC)fst01905576
|
| 650 |
|
7 |
|a HISTORY
|z Europe
|x Western.
|2 bisacsh
|
| 650 |
|
0 |
|a Presidents
|z United States
|v Correspondence.
|
| 650 |
|
0 |
|a Prime ministers
|z Great Britain
|v Correspondence.
|
| 650 |
|
0 |
|a World War, 1939-1945
|x Diplomatic history.
|
| 651 |
|
7 |
|a United States.
|2 fast
|0 (OCoLC)fst01204155
|
| 651 |
|
7 |
|a Great Britain.
|2 fast
|0 (OCoLC)fst01204623
|
| 651 |
|
0 |
|a United States
|x Foreign relations
|z Great Britain.
|
| 651 |
|
0 |
|a Great Britain
|x Foreign relations
|z United States.
|
| 655 |
|
7 |
|a Personal correspondence.
|2 fast
|0 (OCoLC)fst01919948
|
| 655 |
|
7 |
|a Electronic books.
|2 local
|
| 700 |
1 |
|
|a Kimball, Warren F.
|
| 700 |
1 |
|
|a Roosevelt, Franklin D.
|q (Franklin Delano),
|d 1882-1945.
|
| 710 |
2 |
|
|a Project Muse.
|e distributor
|
| 830 |
|
0 |
|a Book collections on Project MUSE.
|
| 856 |
4 |
0 |
|z Texto completo
|u https://projectmuse.uam.elogim.com/book/61201/
|
| 945 |
|
|
|a Project MUSE - Custom Collection
|
| 945 |
|
|
|a Project MUSE - Archive Complete Supplement VIII
|
| 945 |
|
|
|a Project MUSE - Archive History Supplement VIII
|